000 00601nam a22001697a 4500
003 UA-OsUOA
001 7511
007 ta
008 20040620b un ||||| |||| 00| 0 ukr d
942 _cSA
040 _aUA-OsUOA
_cUA-OsUOA
_dUA-OsUOA
245 _aЗразковий хор - заслужений керівник
_b[Худ. керівникові зразкового хору хлопчиків Радивилів. ЗОШ N2 Лісковому Л.]
300 _aС.1
955 _a0
773 0 _w0
_tВісті Рівненщини
_dРівне
_d2004
_g№56/16 черв./
650 7 _aХори
_2UDC
999 _c293672
_d293672